| 000 | 00497nam a2200181 4500 | ||
|---|---|---|---|
| 005 | 20260409145623.0 | ||
| 008 | 260409b |||||||| |||| 00| 0 eng d | ||
| 020 |
_a9789370895287 _cRs. 699.00 |
||
| 040 | _aMAIN | ||
| 082 |
_a181.4 _bD26H |
||
| 100 | _aDasgupta, S N | ||
| 245 | _aHistory of Indian philosophy: Indian Pluralism, V4 | ||
| 260 |
_aDelhi _bFingerprint Classics Prakash Books _c2026 |
||
| 300 | _axvii, 561 | ||
| 650 | _aPhilosophy | ||
| 650 | _aIndian Philosophy | ||
| 942 | _cBK | ||
| 999 |
_c397313 _d397313 |
||